Law and practice relating to oil pollution from ships (Record no. 12062)

000 -LEADER
fixed length control field 00570nam a2200193 i 4500
001 - CONTROL NUMBER
control field 12062
003 - CONTROL NUMBER IDENTIFIER
control field BD-DhUET
008 - FIXED-LENGTH DATA ELEMENTS--GENERAL INFORMATION
fixed length control field 790615s1978 enk b 001 0 eng
040 ## - CATALOGING SOURCE
Original cataloging agency DLC
Transcribing agency DLC
Modifying agency BD-DhUET
082 ## - DEWEY DECIMAL CLASSIFICATION NUMBER
Classification number 626.874
Item number ABE/1978
100 ## - MAIN ENTRY--PERSONAL NAME
Personal name Abecassis, David william
245 14 - TITLE STATEMENT
Title Law and practice relating to oil pollution from ships
Statement of responsibility, etc. by David W. Abecassis
250 ## - EDITION STATEMENT
Edition statement 1st ed.
260 ## - PUBLICATION, DISTRIBUTION, ETC. (IMPRINT)
Place of publication, distribution, etc. London
Name of publisher, distributor, etc. Butterworths
Date of publication, distribution, etc. 1978
300 ## - PHYSICAL DESCRIPTION
Extent xxxviii, 275 p.
Other physical details ill.
Dimensions 26 cm.
504 ## - BIBLIOGRAPHY, ETC. NOTE
Bibliography, etc Includes bibliographies
650 #0 - SUBJECT ADDED ENTRY--TOPICAL TERM
Topical term or geographic name as entry element Pollution marine fuels
942 ## - ADDED ENTRY ELEMENTS (KOHA)
Koha item type General Book
Holdings
Withdrawn status Sublocation or collection (holding branch) Damaged status Piece designation (barcode) Koha item type Price effective from Koha full call number Date acquired Not for loan Koha normalized classification for sorting Source of classification or shelving scheme Location (home branch) Koha date last seen Lost status Shelving location Copy number
 Central Library, BUET 53750General Book2015-02-23626.874/ABE/19782015-02-23 626_874000000000000_ABE_1978 Central Library, BUET2015-02-23 Circulation section1
 Central Library, BUET 52157General Book2015-02-23626.874/ABE/19782015-02-23 626_874000000000000_ABE_1978 Central Library, BUET2015-02-23 Circulation section2
 Central Library, BUET 52156General Book2015-02-23626.874/ABE/19782015-02-23 626_874000000000000_ABE_1978 Central Library, BUET2015-02-23 Circulation section3
 Central Library, BUET 53749General Book2015-06-22626.874/ABE/19782015-06-22 626_874000000000000_ABE_1978 Central Library, BUET2015-06-22 Reading section4